01185nam a2200277 a 4500001001200000003000800012006001900020007001500039008004100054020001800095020002700113040002100140035002100161050002600182100002100208245014500229260009200374300002300466504005100489533015200540650002600692655002900718710001700747856012600764999001700890ebr10657092CaPaEBRm u cr cn|||||||||130226s2013 ts a sb 001 0 eng d z9781608056033 z9781608054763 (e-book) aCaPaEBRcCaPaEBR a(OCoLC)83461133714aQA76.758b.C87 2013eb1 aCusick, James J.10aDurable ideas in software engineeringh[electronic resource] :bconcepts, methods and approaches from my virtual toolbox /cJames J. Cusick. aSharjah, United Arab Emirates ;aOak Park, Ill. :bBentham Science Publishers,c[2013?] avi, 332 p. :bill. aIncludes bibliographical references and index. aElectronic reproduction.bPalo Alto, Calif. :cebrary,d2013.nAvailable via World Wide Web.nAccess may be limited to ebrary affiliated libraries. 0aSoftware engineering. 7aElectronic books.2local2 aebrary, Inc.40uhttp://site.ebrary.com/lib/rucke/Doc?id=10657092zAn electronic book accessible through the World Wide Web; click to view c77447d77447